LEADER 01063nam0 2200253 450 001 000032050 005 20181119141947.0 010 $a978-88-921-1311-4 100 $a20181113d2017----km-y0itay50------ba 101 0 $aita 102 $aIT 105 $aa-------001yy 200 1 $aGovernare i migranti$ela legge sull'immigrazione del 1901 e la giurisprudenza del Tribunale di Napoli$fDolores Freda 210 $aTorino$cGiappichelli$dc2017 215 $aVI, 264 p.$cill.$d24 cm 500 10$aGovernare i migranti: la legge sull'emigrazione del 1901 e la giurisprudenza del Tribunale di Napoli$91537873 610 1 $aEmigrazione$aGiurisprudenza [e] Legislazione$aItalia$aStoria$a1901-1920 676 $a342.4508209$v22$9Diritto dell'immigrazione Italia. Storia 700 1$aFreda,$bDolores$0506883 801 0$aIT$bUNIPARTHENOPE$c20181113$gRICA$2UNIMARC 912 $a000032050 951 $a342-G/8$b47063$cNAVA1$d2018 996 $aGovernare i migranti: la legge sull'emigrazione del 1901 e la giurisprudenza del Tribunale di Napoli$91537873 997 $aUNIPARTHENOPE